[Event "Quebec op U1400"]
[Site "Laval CAN"]
[Date "2022.09.03"]
[Round "4.81"]
[White "Poulin, Roxane"]
[Black "Ouimet, Alain"]
[Result "1-0"]
[WhiteElo "1276"]
[BlackElo "1225"]
[PlyCount "127"]
[EventDate "2022.09.01"]
[EventType "swiss"]
[EventRounds "9"]
[EventCountry "CAN"]

1. e4 Nf6 2. Nc3 e5 3. Nf3 Nc6 4. d4 exd4 5. Nxd4 Ne5 6. Bf4 Ng6 7. Bg3 Bb4 8.
Bd3 O-O 9. O-O Bxc3 10. bxc3 d6 11. h3 Re8 12. Re1 Bd7 13. Nf3 Nh5 14. Bh2 Nhf4
15. Rb1 Rb8 16. Qd2 Nxd3 17. cxd3 Bc6 18. Nd4 Bd7 19. Nb5 Be6 20. Nxa7 Ra8 21.
Rxb7 Qd7 22. c4 Qa4 23. Nb5 Rec8 24. Nxc7 Qxa2 25. Qxa2 Rxa2 26. Bxd6 Bd7 27.
Nd5 Be6 28. Reb1 Ra6 29. Ne7+ Nxe7 30. Bxe7 Raa8 31. Bd6 Ra3 32. R1b3 Ra6 33.
Be7 Ra1+ 34. Kh2 Raa8 35. R3b4 h6 36. c5 Re8 37. Bd6 Ra6 38. Rb8 Rc8 39. Rxc8+
Bxc8 40. d4 Ra8 41. d5 f6 42. Rb8 Rxb8 43. Bxb8 Kf8 44. Kg3 Ke7 45. e5 f5 46.
f4 Bb7 47. c6 Bc8 48. d6+ Ke6 49. d7 Bxd7 50. cxd7 Kxd7 51. Bd6 Ke6 52. Kf3 h5
53. g4 g6 54. g5 Kd5 55. h4 Ke6 56. Ke3 Kd5 57. Kd3 Kc6 58. Kd4 Kd7 59. Kd5 Ke8
60. Kc6 Kd8 61. Bc7+ Ke7 62. Bd8+ Ke6 63. Bf6 Kf7 64. Kd7 1-0

[Event "Quebec op U1400"]
[Site "Laval CAN"]
[Date "2022.09.03"]
[Round "4.82"]
[White "Michel, Andie"]
[Black "Imbeault, Marc"]
[Result "0-1"]
[WhiteElo "1239"]
[BlackElo "1226"]
[PlyCount "116"]
[EventDate "2022.09.01"]
[EventType "swiss"]
[EventRounds "9"]
[EventCountry "CAN"]

1. d4 d5 2. Nf3 e6 3. Bf4 Bd6 4. Bg5 Nf6 5. e3 h6 6. Bf4 Bxf4 7. exf4 c5 8.
Bb5+ Bd7 9. Be2 Nc6 10. c3 Qb6 11. Qc2 cxd4 12. O-O Rc8 13. c4 Nb4 14. Qd2 Ne4
15. Qxd4 Qxd4 16. Nxd4 dxc4 17. Rd1 c3 18. Nxc3 Nxc3 19. bxc3 Nd5 20. Nb5 Bxb5
21. Bxb5+ Ke7 22. Rac1 Rhd8 23. g3 Nxc3 24. Rxd8 Kxd8 25. Re1 Nxb5 26. Kg2 Rc2
27. Rd1+ Kc7 28. a4 Nc3 29. Rd4 Nd5 30. Kf3 Kc6 31. h4 Kc5 32. Re4 Rc3+ 33. Ke2
Ra3 34. Kd2 Ra2+ 35. Ke1 Nc3 36. Re5+ Kb4 37. a5 Rxa5 38. g4 Rxe5+ 39. fxe5 a5
40. f3 a4 41. g5 a3 42. gxh6 gxh6 43. Kd2 Kb3 44. Kd3 a2 45. Kd4 a1=Q 46. Kc5
Qd1 47. Kb6 Qxf3 48. Kc7 Qe4 49. Kd8 Qxe5 50. Ke8 Qh5 51. Kf8 e5 52. Kg8 e4 53.
Kf8 e3 54. Kg7 e2 55. Kf8 e1=Q 56. Kg7 Qexh4 57. Kh8 Qd8+ 58. Kg7 Qg6# 0-1

[Event "Quebec op U1400"]
[Site "Laval CAN"]
[Date "2022.09.03"]
[Round "4.83"]
[White "Chanot, Frederic"]
[Black "Fallet, Maurice"]
[Result "1/2-1/2"]
[WhiteElo "1205"]
[BlackElo "1224"]
[PlyCount "109"]
[EventDate "2022.09.01"]
[EventType "swiss"]
[EventRounds "9"]
[EventCountry "CAN"]

1. e4 d6 2. d4 Nf6 3. Nc3 g6 4. Bc4 Bg7 5. Nf3 O-O 6. Be3 b6 7. Qd2 Bb7 8. Bh6
Nxe4 9. Nxe4 Bxe4 10. Bxg7 Kxg7 11. Qf4 d5 12. Bb3 Qd6 13. Qxd6 cxd6 14. O-O-O
Nc6 15. Ne1 Rac8 16. f3 Bf5 17. Bxd5 Nb4 18. Bb3 Nc6 19. c3 a6 20. Bd5 Bd7 21.
h4 h5 22. a3 Rc7 23. f4 Nd8 24. Nf3 f6 25. Rhe1 Bc6 26. Bxc6 Nxc6 27. d5 Nd8
28. Nd4 Kf7 29. Re3 Rc5 30. Rde1 Rc8 31. Ne6 Nxe6 32. dxe6+ Kg8 33. Kc2 Rc4 34.
g3 Rfc8 35. b3 R4c6 36. a4 f5 37. Rd3 Kg7 38. Red1 Kf6 39. Re1 d5 40. Kd2 Rxe6
41. Rde3 Rxe3 42. Rxe3 e6 43. Kd3 Ke7 44. Kd4 Kd6 45. c4 Rc5 46. Rc3 dxc4 47.
b4 Rd5+ 48. Kxc4 b5+ 49. axb5 axb5+ 50. Kb3 Rd4 51. Re3 Re4 52. Rd3+ Kc6 53.
Kc3 Rc4+ 54. Kb3 Re4 55. Kc3 1/2-1/2

[Event "Quebec op U1400"]
[Site "Laval CAN"]
[Date "2022.09.03"]
[Round "4.84"]
[White "Chairez Miranda, Hector Jesus"]
[Black "Couture, Francois"]
[Result "1/2-1/2"]
[WhiteElo "1270"]
[BlackElo "1246"]
[PlyCount "136"]
[EventDate "2022.09.01"]
[EventType "swiss"]
[EventRounds "9"]
[EventCountry "CAN"]

1. d4 d5 2. Nc3 Nf6 3. Nf3 g6 4. e3 a6 5. Bd3 Bg7 6. e4 dxe4 7. Bxe4 O-O 8. h3
Nxe4 9. Nxe4 b6 10. c3 Bb7 11. Ng3 Nd7 12. Be3 Rc8 13. O-O Re8 14. Qd2 e5 15.
dxe5 Nxe5 16. Nxe5 Qxd2 17. Bxd2 Rxe5 18. Be3 Ree8 19. Rad1 c5 20. Rd7 Bc6 21.
Rd6 Bb5 22. Rfd1 Bc6 23. Ne2 Be5 24. R6d3 c4 25. R3d2 b5 26. Nf4 Be4 27. Nd5
Bd3 28. g3 Kg7 29. f4 Bd6 30. Bd4+ Kh6 31. b3 Bc5 32. bxc4 Bxd4+ 33. cxd4 Bxc4
34. Nf6 Re6 35. Ng4+ Kg7 36. d5 Rd6 37. Ne3 h5 38. a3 Bb3 39. Rb1 Rc3 40. Kf2
a5 41. Ke2 Rd8 42. Rd3 Rxd3 43. Kxd3 Bxd5 44. Nxd5 Rxd5+ 45. Ke4 Rf5 46. g4
hxg4 47. hxg4 Rc5 48. Rb3 Rc4+ 49. Kf3 b4 50. axb4 axb4 51. g5 f6 52. Rd3 Kf7
53. Rd7+ Ke6 54. Rb7 Rc3+ 55. Ke4 b3 56. Rb6+ Kd7 57. gxf6 Rc4+ 58. Ke5 Rc5+
59. Ke4 Rf5 60. Rxb3 Rxf6 61. Rb5 Kc6 62. Ra5 Re6+ 63. Kf3 Kb6 64. Rg5 Rf6 65.
Ke4 Kc6 66. Ke5 Rd6 67. Ke4 Re6+ 68. Kd4 Rd6+ 1/2-1/2

[Event "Quebec op U1400"]
[Site "Laval CAN"]
[Date "2022.09.04"]
[Round "5.74"]
[White "Guillemette, Thomas"]
[Black "Maurice, Mathieu"]
[Result "0-1"]
[WhiteElo "1307"]
[BlackElo "1287"]
[PlyCount "162"]
[EventDate "2022.09.01"]
[EventType "swiss"]
[EventRounds "9"]
[EventCountry "CAN"]

1. e4 c5 2. d4 cxd4 3. c3 dxc3 4. Nxc3 e6 5. Nf3 Nc6 6. Bc4 a6 7. a4 Bb4 8. Bd2
Nge7 9. O-O O-O 10. Qc2 b6 11. e5 Ng6 12. Rfe1 Bb7 13. Bg5 Be7 14. Bxe7 Ncxe7
15. Ng5 Rc8 16. Bd3 Nd5 17. Bxg6 fxg6 18. Nge4 Rc7 19. Qb3 Nxc3 20. Nxc3 Qg5
21. Ne4 Bxe4 22. Rxe4 Rc1+ 23. Re1 Rxa1 24. Rxa1 Qxe5 25. Qxb6 Rb8 26. Qxa6
Qxb2 27. Rf1 Qb6 28. Qd3 d5 29. g3 Qb4 30. Qe3 Qd6 31. Re1 Rb6 32. f4 Ra6 33.
Qd4 Qb6 34. Qxb6 Rxb6 35. Kf2 Kf7 36. a5 Ra6 37. Ra1 Ke7 38. Ke3 Kd6 39. Kd4 h5
40. h4 Kc7 41. Kc5 Kb7 42. Kb5 Rd6 43. a6+ Ka7 44. Rc1 Rb6+ 45. Kc5 Rxa6 46. g4
Kb7 47. Rb1+ Kc7 48. gxh5 Rc6+ 49. Kd4 Rc4+ 50. Ke3 Rc3+ 51. Kd4 Rf3 52. Kc5
Rxf4 53. hxg6 Rc4+ 54. Kb5 Rxh4 55. Rf1 Kd6 56. Rf7 Rg4 57. Rxg7 Ke5 58. Kc5
Ke4 59. Kd6 e5 60. Rg8 d4 61. g7 Rg6+ 62. Ke7 Kd3 63. Kf7 Rg4 64. Re8 e4 65.
g8=Q Rxg8 66. Rxg8 e3 67. Rg3 Kd2 68. Kf6 e2 69. Rg2 d3 70. Ke5 Kd1 71. Kd4 d2
72. Kc3 e1=Q 73. Kb2 Qe5+ 74. Ka3 Kc1 75. Rxd2 Kxd2 76. Kb4 Qc7 77. Kb5 Kc3 78.
Ka6 Kd4 79. Kb5 Qb7+ 80. Ka4 Kc4 81. Ka3 Qb3# 0-1

[Event "Quebec op U1400"]
[Site "Laval CAN"]
[Date "2022.09.04"]
[Round "5.75"]
[White "Khatchikian, Eva"]
[Black "Rauch, Damian"]
[Result "0-1"]
[WhiteElo "1214"]
[BlackElo "1344"]
[PlyCount "70"]
[EventDate "2022.09.01"]
[EventType "swiss"]
[EventRounds "9"]
[EventCountry "CAN"]

1. e4 e5 2. Nf3 Nf6 3. Nc3 Nc6 4. Bc4 Nxe4 5. Nxe4 d5 6. Bxd5 Qxd5 7. Nc3 Qc5
8. d3 Bg4 9. h3 Bh5 10. Be3 Nd4 11. Bxd4 exd4 12. Ne4 Qd5 13. O-O O-O-O 14. a4
f5 15. Ned2 g5 16. Re1 Bd6 17. c4 dxc3 18. bxc3 Rhg8 19. c4 Qf7 20. c5 Bf4 21.
Qc2 g4 22. hxg4 Bxg4 23. g3 h5 24. Nh4 Qf6 25. Ng2 Be5 26. Rab1 Bh3 27. Nf3
Bxg3 28. fxg3 Rxg3 29. Re2 Rxf3 30. Rb2 Rfxd3 31. Kh2 Bxg2 32. Kxg2 f4 33. Rf2
Qg5+ 34. Kf1 Rd1+ 35. Ke2 Qe5+ 0-1

[Event "Quebec op U1400"]
[Site "Laval CAN"]
[Date "2022.09.04"]
[Round "5.76"]
[White "Cloutier, Stephane"]
[Black "Ivanov, Yuan Maksin"]
[Result "1-0"]
[WhiteElo "1319"]
[BlackElo "1020"]
[PlyCount "155"]
[EventDate "2022.09.01"]
[EventType "swiss"]
[EventRounds "9"]
[EventCountry "CAN"]

1. Nf3 d5 2. c4 dxc4 3. Nc3 Nc6 4. e3 e5 5. Bxc4 Nf6 6. Qc2 Nb4 7. Qa4+ c6 8.
Nxe5 b5 9. Bxf7+ Ke7 10. Qxb4+ Qd6 11. Qxd6+ Kxd6 12. d4 a5 13. a3 Bf5 14. O-O
Be7 15. Ba2 Kc7 16. Bd2 b4 17. Ne2 bxa3 18. bxa3 Bxa3 19. Bb1 Bxb1 20. Rfxb1
Bb4 21. Bxb4 axb4 22. f3 Nd5 23. Kf2 Rab8 24. e4 Nc3 25. Nxc3 bxc3 26. Rxb8
Rxb8 27. Rc1 Rb2+ 28. Kg3 c2 29. Nd3 Ra2 30. Ne1 Ra4 31. Nxc2 Rc4 32. Kf2 Kd6
33. Ke2 c5 34. Kd3 Ra4 35. dxc5+ Kxc5 36. Ne3+ Kd6 37. Nf5+ Ke5 38. Nxg7 Ra2
39. Rc2 Ra3+ 40. Kd2 Ra7 41. Nf5 h5 42. Ke2 Kf6 43. Kf2 Ra6 44. Rd2 Kf7 45. h3
Ra7 46. Ng3 Kg6 47. Ne2 h4 48. Rd8 Rh7 49. Rd3 Kf6 50. Re3 Ke5 51. f4+ Ke6 52.
Nd4+ Kf6 53. Nf3 Rh8 54. Ng5 Ra8 55. Kf3 Ra2 56. Re2 Ra3+ 57. Kg4 Rg3+ 58. Kxh4
Ra3 59. Kg4 Ra8 60. e5+ Ke7 61. h4 Rh8 62. g3 Ra8 63. Rh2 Rh8 64. h5 Ra8 65. h6
Rh8 66. h7 Kf8 67. Rh6 Kg7 68. Ra6 Rb8 69. Ra7+ Kg6 70. Ra6+ Kg7 71. Ra1 Rc8
72. Re1 Re8 73. e6 Ra8 74. e7 Re8 75. Kf5 Rxe7 76. Rxe7+ Kh8 77. Re8+ Kg7 78.
h8=Q# 1-0

[Event "Quebec op U1400"]
[Site "Laval CAN"]
[Date "2022.09.04"]
[Round "5.77"]
[White "Fakhany, Fahrid-Michel"]
[Black "Normand, Louis"]
[Result "0-1"]
[WhiteElo "1240"]
[BlackElo "1271"]
[PlyCount "54"]
[EventDate "2022.09.01"]
[EventType "swiss"]
[EventRounds "9"]
[EventCountry "CAN"]

1. d4 Nf6 2. Nf3 e6 3. e3 b6 4. Nbd2 Bb7 5. Bd3 Be7 6. O-O O-O 7. b3 d6 8. Bb2
Nbd7 9. Re1 c5 10. Bc4 d5 11. Bd3 Ne4 12. Ne5 Nxe5 13. dxe5 f5 14. f4 Qe8 15.
Bxe4 fxe4 16. Qg4 Rf5 17. c4 Qf7 18. Rf1 Rd8 19. g3 d4 20. Qe2 Rh5 21. Rad1
dxe3 22. Qxe3 Rd3 23. Qe2 Qg6 24. Nb1 Rxg3+ 25. hxg3 Qxg3+ 26. Qg2 e3 27. Qxg3
Rh1# 0-1

[Event "Quebec op U1400"]
[Site "Laval CAN"]
[Date "2022.09.04"]
[Round "5.78"]
[White "Imbeault, Marc"]
[Black "Mickelson, Jonah"]
[Result "1-0"]
[WhiteElo "1220"]
[BlackElo "1160"]
[PlyCount "103"]
[EventDate "2022.09.01"]
[EventType "swiss"]
[EventRounds "9"]
[EventCountry "CAN"]

1. e4 e6 2. d3 d5 3. Nd2 Nf6 4. g3 dxe4 5. dxe4 e5 6. Ngf3 Bg4 7. Bg2 Nc6 8.
O-O Bd6 9. c3 O-O 10. h3 Bh5 11. g4 Bg6 12. Re1 Qe7 13. Nh4 Rad8 14. Nxg6 fxg6
15. Qb3+ Qf7 16. Qxb7 Nxg4 17. Nf3 Qc4 18. hxg4 Rb8 19. b3 Qxc3 20. Qa6 Qxa1
21. Qc4+ Kh8 22. Qxc6 Qxa2 23. Be3 Rxb3 24. Rf1 Rb1 25. Rxb1 Qxb1+ 26. Kh2 a5
27. Ng5 Qb3 28. Qd7 a4 29. Ne6 Rg8 30. Ng5 Rf8 31. Ne6 Rg8 32. Ng5 h6 33. Nf7+
Kh7 34. Bxh6 Rf8 35. Ng5+ Kxh6 36. Ne6 Rg8 37. Qf7 Kh7 38. Ng5+ Kh6 39. Ne6 Kh7
40. Ng5+ Kh6 41. Ne6 Qb8 42. g5+ Kh7 43. Qf3 Rh8 44. Kg1 a3 45. Nxg7 Qf8 46.
Nf5 gxf5 47. exf5 Qg7 48. Qh5+ Kg8 49. Qe8+ Bf8 50. Bd5+ Kh7 51. Qh5+ Qh6 52.
gxh6 1-0

[Event "Quebec op U1400"]
[Site "Laval CAN"]
[Date "2022.09.04"]
[Round "5.79"]
[White "Chira, Dan"]
[Black "Poulin, Roxane"]
[Result "1-0"]
[WhiteElo "1398"]
[BlackElo "1276"]
[PlyCount "93"]
[EventDate "2022.09.01"]
[EventType "swiss"]
[EventRounds "9"]
[EventCountry "CAN"]

1. d4 d5 2. Nf3 Nf6 3. c4 c6 4. Bg5 dxc4 5. e3 b5 6. a4 a6 7. axb5 cxb5 8. Nc3
Bb7 9. Be2 Nbd7 10. O-O e6 11. Ne5 Be7 12. Bf3 Qc7 13. Bf4 Qc8 14. Bxb7 Qxb7
15. Qf3 Qxf3 16. Nxf3 O-O 17. Ra5 b4 18. Ne2 c3 19. bxc3 bxc3 20. Rc1 Bb4 21.
Ra2 Ne4 22. Ng5 Ndf6 23. f3 Nxg5 24. Bxg5 Rfc8 25. Bxf6 gxf6 26. Rcc2 a5 27.
Nf4 Kf8 28. Kf1 Ke7 29. Ke2 e5 30. dxe5 fxe5 31. Nd5+ Ke6 32. Nb6 Kd6 33. Kd3
Kc5 34. Nxa8 Rxa8 35. Re2 f5 36. g4 Rd8+ 37. Kc2 fxg4 38. fxg4 Rd2+ 39. Rxd2
cxd2 40. Ra1 e4 41. g5 Bc3 42. Rf1 a4 43. Rf7 a3 44. Rc7+ Kb4 45. Rb7+ Kc4 46.
Ra7 Kb4 47. Ra8 1-0

[Event "Quebec op U1400"]
[Site "Laval CAN"]
[Date "2022.09.04"]
[Round "5.80"]
[White "Viel, Julie-Maude"]
[Black "Laramee-Lamoureux, Mickael"]
[Result "1-0"]
[WhiteElo "1296"]
[BlackElo "1374"]
[PlyCount "100"]
[EventDate "2022.09.01"]
[EventType "swiss"]
[EventRounds "9"]
[EventCountry "CAN"]

1. e4 c5 2. Nf3 e6 3. d4 cxd4 4. Nxd4 Bc5 5. Nc3 Qb6 6. Nce2 e5 7. Nf5 Bxf2+ 8.
Kd2 g6 9. Ng7+ Kf8 10. c3 Qe3+ 11. Kc2 Qxe4+ 12. Kd2 Qd5+ 13. Kc2 Qxd1+ 14.
Kxd1 Kxg7 15. c4 d6 16. h3 Be6 17. Nc3 Ne7 18. Ne4 Bc5 19. a3 Bf5 20. Nc3 a6
21. Na4 Rd8 22. b4 Ba7 23. Bb2 f6 24. g4 Be4 25. Rh2 Bg1 26. Rd2 Be3 27. Bg2
Bxg2 28. Rxg2 b5 29. cxb5 axb5 30. Nc3 d5 31. Nxb5 d4 32. Nc7 Nd7 33. Nxa8 Rxa8
34. Rg3 Nb6 35. Bc1 Bxc1 36. Rxc1 Na4 37. Rc7 Nc3+ 38. Rgxc3 dxc3 39. Rxe7+ Kg8
40. Kc2 h5 41. b5 Rxa3 42. b6 Ra8 43. Kxc3 Rb8 44. b7 Rxb7 45. Rxb7 hxg4 46.
hxg4 Kf8 47. Kd3 Kg8 48. Ke4 Kf8 49. g5 f5+ 50. Kxe5 Kg8 1-0

[Event "Quebec op U1400"]
[Site "Laval CAN"]
[Date "2022.09.04"]
[Round "5.81"]
[White "Fallet, Maurice"]
[Black "Gurevitch, Benjamin"]
[Result "0-1"]
[WhiteElo "1224"]
[BlackElo "1325"]
[PlyCount "44"]
[EventDate "2022.09.01"]
[EventType "swiss"]
[EventRounds "9"]
[EventCountry "CAN"]

1. d4 d5 2. c4 e6 3. Nf3 Nf6 4. Nc3 Nbd7 5. e3 c6 6. Bd3 Bd6 7. O-O e5 8. cxd5
cxd5 9. e4 dxe4 10. Nxe4 Nxe4 11. Bxe4 O-O 12. Bxh7+ Kxh7 13. Ng5+ Kg8 14. Qd3
Nf6 15. Be3 Re8 16. Rad1 e4 17. Qe2 Bg4 18. f3 exf3 19. Nxf3 Bf4 20. Rd3 Nd5
21. Re1 Bxe3+ 22. Rxe3 Rxe3 0-1

[Event "Quebec op U1400"]
[Site "Laval CAN"]
[Date "2022.09.04"]
[Round "5.82"]
[White "Ouimet, Alain"]
[Black "Soskic, Milan"]
[Result "0-1"]
[WhiteElo "1225"]
[BlackElo "1306"]
[PlyCount "140"]
[EventDate "2022.09.01"]
[EventType "swiss"]
[EventRounds "9"]
[EventCountry "CAN"]

1. e4 c5 2. Nc3 d6 3. Bc4 e6 4. d3 a6 5. a3 Nc6 6. Be3 Nf6 7. f4 g6 8. Nf3 Bg7
9. Bb3 b5 10. h3 Bb7 11. O-O O-O 12. e5 Nh5 13. Qe1 dxe5 14. fxe5 Nxe5 15. Nxe5
Bxe5 16. Ne4 Bxe4 17. dxe4 c4 18. Ba2 Qc7 19. Bf2 Bxb2 20. Rd1 Bxa3 21. Qe3 Be7
22. e5 Rfd8 23. c3 Rd5 24. Rxd5 exd5 25. Rd1 Rd8 26. g4 Ng7 27. Qf4 Ne6 28. Qg3
Bc5 29. Bd4 Be7 30. Be3 Bg5 31. h4 Bxe3+ 32. Qxe3 Qc5 33. Kf2 Qxe3+ 34. Kxe3 h6
35. Bb1 g5 36. hxg5 hxg5 37. Rh1 d4+ 38. cxd4 Rxd4 39. Bh7+ Kg7 40. Bf5 Rd8 41.
Rh7+ Kg8 42. Rh6 a5 43. Rh5 b4 44. Rh2 b3 45. Rd2 a4 46. Rxd8+ Nxd8 47. Kd2 a3
48. Kc3 a2 49. Kb2 c3+ 50. Ka1 Kf8 51. Bd3 Ne6 52. Bc4 Nd4 53. Bxb3 Nxb3+ 54.
Kxa2 Nc1+ 55. Kb1 Ne2 56. Kc2 Ke7 57. Kd3 c2 58. Kxc2 Ke6 59. Kd3 Nf4+ 60. Ke4
Ng6 61. Kf3 Kxe5 62. Ke3 Kd5 63. Kf3 Kd4 64. Kf2 Ke4 65. Kg3 Ne5 66. Kh3 Kf3
67. Kh2 Nxg4+ 68. Kh3 Nf2+ 69. Kh2 g4 70. Kg1 g3 0-1

[Event "Quebec op U1400"]
[Site "Laval CAN"]
[Date "2022.09.04"]
[Round "5.83"]
[White "Michel, Andie"]
[Black "Chairez Miranda, Hector Jesus"]
[Result "0-1"]
[WhiteElo "1239"]
[BlackElo "1270"]
[PlyCount "120"]
[EventDate "2022.09.01"]
[EventType "swiss"]
[EventRounds "9"]
[EventCountry "CAN"]

1. e4 e6 2. Nf3 d5 3. e5 d4 4. Bc4 c5 5. O-O Nc6 6. d3 Nge7 7. c3 g6 8. Re1 Bg7
9. Bf4 a6 10. a3 O-O 11. cxd4 cxd4 12. Nbd2 b5 13. Ba2 Bb7 14. Nb3 Nf5 15. Nc5
Qe7 16. Ne4 h6 17. Rc1 g5 18. Bg3 Nxg3 19. hxg3 Nxe5 20. Nxd4 Rfd8 21. Nb3 Nxd3
22. Qe2 Nxc1 23. Rxc1 Rac8 24. Rb1 Bxe4 25. Qxe4 Qd6 26. Qe2 Qd3 27. Re1 Rc2
28. Qf3 Rxb2 29. Nc1 Qxf3 30. gxf3 Rdd2 31. Bb3 Bc3 32. a4 Rxf2 33. Rd1 Rxf3
34. Rd8+ Kg7 35. axb5 Rxg3+ 36. Kh1 axb5 37. Rd7 Re3 38. Rd1 Be5 39. Kg1 Rbxb3
40. Nxb3 Rxb3 41. Kg2 b4 42. Rd7 Rb2+ 43. Kf3 b3 44. Rb7 Rb1 45. Ke2 b2 46. Kd2
Rc1 47. Rb5 Bc3+ 48. Kd3 b1=Q+ 49. Rxb1 Rxb1 50. Kxc3 Re1 51. Kd3 f5 52. Kd2
Re4 53. Kd3 g4 54. Kd2 g3 55. Kd3 g2 56. Kd2 g1=Q 57. Kd3 Qd4+ 58. Kc2 Re2+ 59.
Kb3 Rb2+ 60. Ka3 Qb4# 0-1

[Event "Quebec op U1400"]
[Site "Laval CAN"]
[Date "2022.09.04"]
[Round "5.84"]
[White "Couture, Francois"]
[Black "Chanot, Frederic"]
[Result "1-0"]
[WhiteElo "1246"]
[BlackElo "1205"]
[PlyCount "67"]
[EventDate "2022.09.01"]
[EventType "swiss"]
[EventRounds "9"]
[EventCountry "CAN"]

1. d4 d5 2. c4 e6 3. Nf3 Nf6 4. a3 Nc6 5. Nc3 dxc4 6. e3 b5 7. b3 a6 8. bxc4 b4
9. axb4 Bxb4 10. Bd2 O-O 11. Bd3 Bb7 12. O-O a5 13. Na4 Re8 14. Bxb4 Nxb4 15.
Nc5 Bxf3 16. Qxf3 Qe7 17. Be4 Nxe4 18. Nxe4 e5 19. d5 a4 20. Rfc1 Nd3 21. Rc3
Nc5 22. Nxc5 Qxc5 23. e4 Ra5 24. h3 Rb8 25. Qf5 Qd4 26. Raa3 g6 27. Qd7 Rb1+
28. Kh2 Qxf2 29. Rf3 Qg1+ 30. Kg3 Qe1+ 31. Rf2 Rb3+ 32. Rxb3 axb3 33. Qxf7+ Kh8
34. Qf8# 1-0

[Event "Quebec op U1400"]
[Site "Laval CAN"]
[Date "2022.09.04"]
[Round "6.74"]
[White "Maurice, Mathieu"]
[Black "Rauch, Damian"]
[Result "1/2-1/2"]
[WhiteElo "1287"]
[BlackElo "1344"]
[PlyCount "73"]
[EventDate "2022.09.01"]
[EventType "swiss"]
[EventRounds "9"]
[EventCountry "CAN"]

1. Nf3 d5 2. c4 e6 3. d4 Nf6 4. Bg5 Be7 5. e3 O-O 6. Nc3 b6 7. cxd5 exd5 8. Bd3
Bb7 9. O-O c5 10. Rc1 Nbd7 11. h3 Rc8 12. Bf4 a6 13. a4 h6 14. Qe2 c4 15. Bb1
Re8 16. Ne5 Nxe5 17. Bxe5 Bd6 18. f4 Qe7 19. Rf3 Ne4 20. Nxe4 dxe4 21. Rg3 Bxe5
22. fxe5 Bd5 23. Qg4 f5 24. Qxf5 Rf8 25. Qg4 Qf7 26. Kh2 Rc7 27. Bxe4 Bxe4 28.
Qxe4 Qf2 29. Rc2 Qf1 30. d5 Qa1 31. Rxc4 Rf1 32. Rxg7+ Rxg7 33. Rc8+ Rf8 34.
Rxf8+ Kxf8 35. d6 Qe1 36. e6 Qg3+ 37. Kh1 1/2-1/2

[Event "Quebec op U1400"]
[Site "Laval CAN"]
[Date "2022.09.04"]
[Round "6.75"]
[White "Guillemette, Thomas"]
[Black "Normand, Louis"]
[Result "0-1"]
[WhiteElo "1307"]
[BlackElo "1271"]
[PlyCount "56"]
[EventDate "2022.09.01"]
[EventType "swiss"]
[EventRounds "9"]
[EventCountry "CAN"]

1. e4 e6 2. d4 d5 3. e5 c5 4. c3 Nc6 5. Nf3 Qb6 6. Bd3 Bd7 7. Qb3 Qxb3 8. axb3
cxd4 9. cxd4 Nb4 10. Ke2 Nxd3 11. Kxd3 Bb5+ 12. Ke3 g6 13. g4 f5 14. g5 Bb4 15.
Nc3 Ba6 16. Bd2 Ne7 17. Na4 f4+ 18. Kxf4 O-O+ 19. Kg3 Nf5+ 20. Kg2 Bxd2 21.
Nxd2 Rf7 22. Nf3 Raf8 23. Nc5 Be2 24. Rhb1 Bxf3+ 25. Kxf3 Nxd4+ 26. Kg2 Rxf2+
27. Kh1 Nf3 28. Rg1 Rxh2# 0-1

[Event "Quebec op U1400"]
[Site "Laval CAN"]
[Date "2022.09.04"]
[Round "6.76"]
[White "Imbeault, Marc"]
[Black "Chira, Dan"]
[Result "1-0"]
[WhiteElo "1226"]
[BlackElo "1398"]
[PlyCount "143"]
[EventDate "2022.09.01"]
[EventType "swiss"]
[EventRounds "9"]
[EventCountry "CAN"]

1. e4 e5 2. Nf3 Nf6 3. Nxe5 Nc6 4. Nf3 Bc5 5. c3 Nxe4 6. d4 Be7 7. Nbd2 Nf6 8.
Be2 O-O 9. O-O d5 10. Qc2 h6 11. Bd3 Bd7 12. Re1 Bd6 13. Ne5 Be6 14. Ndf3 Ne7
15. b4 a6 16. Bd2 c6 17. a4 Qc7 18. c4 dxc4 19. Bxc4 Bxc4 20. Qxc4 Ned5 21.
Rac1 Qb6 22. Nd3 Qc7 23. Nfe5 Nb6 24. Qc2 Kh8 25. b5 axb5 26. axb5 Nfd5 27.
bxc6 bxc6 28. Qxc6 Rfc8 29. Qxc7 Rxc7 30. Rxc7 Bxc7 31. Nxf7+ Kg8 32. Nfe5 Nf6
33. Nc5 Rd8 34. Ne6 Rc8 35. Nxc7 Rxc7 36. Ba5 Nfd5 37. Bxb6 Nxb6 38. g3 Nd5 39.
Kg2 Rc2 40. Kf3 Rd2 41. Nc6 Rc2 42. Ne7+ Nxe7 43. Rxe7 Kf8 44. Rd7 Rc6 45. d5
Rf6+ 46. Ke3 g6 47. f4 Ke8 48. Rh7 g5 49. Ke4 gxf4 50. gxf4 Rg6 51. Kf5 Rg2 52.
Rxh6 Kd7 53. h4 Rd2 54. Ke5 Re2+ 55. Kf5 Rd2 56. Rf6 Rxd5+ 57. Kg6 Rd2 58. h5
Ke7 59. Rf7+ Ke8 60. Ra7 Rg2+ 61. Kf6 Rf2 62. f5 Rd2 63. h6 Rh2 64. h7 Rh6+ 65.
Kg7 Rh4 66. h8=Q+ Rxh8 67. Kxh8 Kf8 68. Kh7 Ke8 69. Kg7 Kd8 70. f6 Kc8 71. f7
Kb8 72. Re7 1-0

[Event "Quebec op U1400"]
[Site "Laval CAN"]
[Date "2022.09.04"]
[Round "6.77"]
[White "Soskic, Milan"]
[Black "Khatchikian, Eva"]
[Result "0-1"]
[WhiteElo "1306"]
[BlackElo "1214"]
[PlyCount "60"]
[EventDate "2022.09.01"]
[EventType "swiss"]
[EventRounds "9"]
[EventCountry "CAN"]

1. d4 d5 2. Nf3 Bf5 3. e3 a6 4. b3 Nc6 5. a3 Nf6 6. Bb2 e6 7. Be2 Be7 8. Nbd2
O-O 9. O-O Re8 10. Ne5 Nd7 11. f4 f6 12. Nef3 Bd6 13. Nh4 Ne7 14. g4 Be4 15.
Nxe4 dxe4 16. c4 c5 17. Ng2 Qc7 18. Qc2 Qc6 19. Rad1 cxd4 20. exd4 f5 21. g5 b5
22. h4 Rab8 23. c5 Bc7 24. b4 a5 25. Ba1 Nd5 26. Qb2 Ra8 27. h5 axb4 28. axb4
Ra4 29. Qb3 Rxb4 30. Qh3 Nf8 0-1

[Event "Quebec op U1400"]
[Site "Laval CAN"]
[Date "2022.09.04"]
[Round "6.78"]
[White "Mickelson, Jonah"]
[Black "Viel, Julie-Maude"]
[Result "1-0"]
[WhiteElo "1160"]
[BlackElo "1296"]
[PlyCount "31"]
[EventDate "2022.09.01"]
[EventType "swiss"]
[EventRounds "9"]
[EventCountry "CAN"]

1. e4 c6 2. d4 d5 3. f3 dxe4 4. fxe4 e5 5. Nf3 Bg4 6. Bc4 Nf6 7. Bxf7+ Kxf7 8.
Nxe5+ Kg8 9. Nxg4 Nxe4 10. O-O Nd7 11. Nh6+ gxh6 12. Qg4+ Ng5 13. Bxg5 hxg5 14.
Qe6+ Kg7 15. Rf7+ Kg8 16. Re7# 1-0

[Event "Quebec op U1400"]
[Site "Laval CAN"]
[Date "2022.09.04"]
[Round "6.79"]
[White "Ivanov, Yuan Maksin"]
[Black "Fakhany, Fahrid-Michel"]
[Result "0-1"]
[WhiteElo "1020"]
[BlackElo "1240"]
[PlyCount "126"]
[EventDate "2022.09.01"]
[EventType "swiss"]
[EventRounds "9"]
[EventCountry "CAN"]

1. e4 Nc6 2. d4 e5 3. d5 Nce7 4. Nf3 Ng6 5. Nc3 Nf6 6. Bd3 Bb4 7. Bd2 Qe7 8.
Nb5 Bxd2+ 9. Qxd2 d6 10. Qc3 O-O 11. Qxc7 Qxc7 12. Nxc7 Rb8 13. Nb5 Rd8 14.
Nxa7 Nf4 15. O-O Nxd3 16. cxd3 Bd7 17. a4 Ra8 18. Nb5 Ne8 19. Nc3 h6 20. d4 f5
21. exf5 e4 22. Nxe4 Bxf5 23. Rfe1 Kf7 24. Nc3 Nf6 25. Nb5 Rd7 26. h3 Nxd5 27.
g4 Bc2 28. g5 Rxa4 29. Rxa4 Bxa4 30. Nc3 Bc6 31. gxh6 gxh6 32. Nxd5 Bxd5 33.
Nh4 Kf6 34. Re3 Rg7+ 35. Rg3 Rg5 36. Ng2 Kf5 37. Ne3+ Ke4 38. Rxg5 hxg5 39.
Nxd5 Kxd5 40. f3 Kxd4 41. Kf2 Ke5 42. b4 Kf4 43. b5 b6 44. Ke2 d5 45. Kf2 d4
46. Ke2 d3+ 47. Kxd3 Kxf3 48. Kd4 Kg3 49. Kd5 Kxh3 50. Kc6 g4 51. Kxb6 g3 52.
Kc7 g2 53. b6 g1=Q 54. b7 Qc5+ 55. Kd8 Qb6+ 56. Kc8 Qc6+ 57. Kb8 Kg4 58. Ka8
Qa4+ 59. Kb8 Kf5 60. Kc8 Qc6+ 61. Kb8 Ke6 62. Ka7 Qa4+ 63. Kb8 Kd6 0-1

[Event "Quebec op U1400"]
[Site "Laval CAN"]
[Date "2022.09.04"]
[Round "6.80"]
[White "Laramee-Lamoureux, Mickael"]
[Black "Gurevitch, Benjamin"]
[Result "0-1"]
[WhiteElo "1374"]
[BlackElo "1325"]
[PlyCount "72"]
[EventDate "2022.09.01"]
[EventType "swiss"]
[EventRounds "9"]
[EventCountry "CAN"]

1. d4 d5 2. c4 e6 3. Nf3 Nf6 4. Bg5 Nbd7 5. Nc3 c6 6. e4 Qa5 7. Bd2 Qb6 8. cxd5
exd5 9. Bd3 dxe4 10. Nxe4 Be7 11. Rb1 O-O 12. O-O Nxe4 13. Bxe4 Nf6 14. Bc2 Bg4
15. Bc3 Rad8 16. h3 Be6 17. Qd2 Qc7 18. Rfe1 Bc5 19. b4 Bb6 20. a4 a6 21. Qd3
Qf4 22. Rbd1 Rfe8 23. Bd2 Qd6 24. Bg5 Kf8 25. Bxf6 gxf6 26. Qxh7 Qxb4 27. Re4
Qc3 28. Re3 Qb4 29. Rb1 Qa5 30. Rbe1 Bxd4 31. Nxd4 Rxd4 32. Bb3 Qg5 33. Bxe6
Rxe6 34. Rxe6 fxe6 35. Rxe6 Rd1+ 36. Kh2 Qf4+ 0-1